Online katalóg knižníc regiónu Turca

Slovenský detský rok (Record no. 21689)

MARC details
000 -LEADER
fixed length control field 03012cam a2200889 a 4500
001 - CONTROL NUMBER
control field 21689
003 - CONTROL NUMBER IDENTIFIER
control field VRT
005 - DATE AND TIME OF LATEST TRANSACTION
control field 20260309092424.0
008 - FIXED-LENGTH DATA ELEMENTS--GENERAL INFORMATION
fixed length control field 240318s2016 xo a b n 000 m slo
015 ## - NATIONAL BIBLIOGRAPHY NUMBER
National bibliography number SNBA2016/11
020 ## - INTERNATIONAL STANDARD BOOK NUMBER
International Standard Book Number 9788081426117
Qualifying information (viaz.)
035 ## - SYSTEM CONTROL NUMBER
System control number 3B67DADC-FF5D-4A48-A6E1-BDF20583B43A
035 ## - SYSTEM CONTROL NUMBER
System control number urn:nbn:sk:snk-am3h4is
035 ## - SYSTEM CONTROL NUMBER
System control number urn:nbn:sk:snk-am00cmp5
039 #9 - LEVEL OF BIBLIOGRAPHIC CONTROL AND CODING DETAIL [OBSOLETE]
Level of rules in bibliographic description 202407220824
Level of effort used to assign nonsubject heading access points AUTHORITY
Level of effort used to assign subject headings 202403182139
Level of effort used to assign classification VLOAD
Level of effort used to assign subject headings 201803051039
Level of effort used to assign classification VLOAD
Level of effort used to assign subject headings 201801031447
Level of effort used to assign classification mbin01
040 ## - CATALOGING SOURCE
Original cataloging agency SVKBB
Language of cataloging slo
Transcribing agency SVKBB
Modifying agency SNK
Description conventions AACR2
041 0# - LANGUAGE CODE
Language code of text/sound track or separate title slo
044 ## - COUNTRY OF PUBLISHING/PRODUCING ENTITY CODE
MARC country code xo
ISO country code SK
072 #7 - SUBJECT CATEGORY CODE
Subject category code 39
Subject category code subdivision Etnológia. Etnografia. Folklór
Source konspekt
080 ## - UNIVERSAL DECIMAL CLASSIFICATION NUMBER
Universal Decimal Classification number 39
Edition identifier 2011
080 ## - UNIVERSAL DECIMAL CLASSIFICATION NUMBER
Universal Decimal Classification number 398.1
Edition identifier 2011
080 ## - UNIVERSAL DECIMAL CLASSIFICATION NUMBER
Universal Decimal Classification number 821.162.4-34
Edition identifier 2011
080 ## - UNIVERSAL DECIMAL CLASSIFICATION NUMBER
Universal Decimal Classification number 82-94
Edition identifier 2011
080 ## - UNIVERSAL DECIMAL CLASSIFICATION NUMBER
Universal Decimal Classification number 82-93-053.2
Edition identifier 2011
080 ## - UNIVERSAL DECIMAL CLASSIFICATION NUMBER
Universal Decimal Classification number 398.54
Edition identifier 2011
080 ## - UNIVERSAL DECIMAL CLASSIFICATION NUMBER
Universal Decimal Classification number 398.9
Edition identifier 2011
080 ## - UNIVERSAL DECIMAL CLASSIFICATION NUMBER
Universal Decimal Classification number 82-84
Edition identifier 2011
080 ## - UNIVERSAL DECIMAL CLASSIFICATION NUMBER
Universal Decimal Classification number 784.4(=162.4)
Edition identifier 2011
100 1# - MAIN ENTRY--PERSONAL NAME
Personal name Slobodová, Elena,
Dates associated with a name 1940-
Relationship aut
245 10 - TITLE STATEMENT
Title Slovenský detský rok
Remainder of title o ľudových zvykoch a tradíciách s Filipkom, Pripletkom, so Stonohom a Vševedkom
Statement of responsibility, etc. Elena Slobodová ; ilustrácie Zuzana Hlavatá
250 ## - EDITION STATEMENT
Edition statement 1. vyd.
260 ## - PUBLICATION, DISTRIBUTION, ETC.
Place of publication, distribution, etc. Bratislava
Name of publisher, distributor, etc. Fortuna Libri
Date of publication, distribution, etc. 2016
300 ## - PHYSICAL DESCRIPTION
Extent 247 s.
Other physical details fareb. ilustr.
Dimensions 27 cm
504 ## - BIBLIOGRAPHY, ETC. NOTE
Bibliography, etc. note Bibliogr.: s. 247
650 07 - SUBJECT ADDED ENTRY--TOPICAL TERM
Topical term or geographic name entry element zvyky a obyčaje
Source of heading or term SNKPH
650 07 - SUBJECT ADDED ENTRY--TOPICAL TERM
Topical term or geographic name entry element Manners and customs
Source of heading or term SNKPHeng
650 07 - SUBJECT ADDED ENTRY--TOPICAL TERM
Topical term or geographic name entry element ľudové tradície
Source of heading or term SNKPH
650 07 - SUBJECT ADDED ENTRY--TOPICAL TERM
Topical term or geographic name entry element Folk traditions
Source of heading or term SNKPHeng
650 07 - SUBJECT ADDED ENTRY--TOPICAL TERM
Topical term or geographic name entry element slovenské ľudové piesne
Source of heading or term SNKPH
650 07 - SUBJECT ADDED ENTRY--TOPICAL TERM
Topical term or geographic name entry element Slovak folk songs
Source of heading or term SNKPHeng
650 07 - SUBJECT ADDED ENTRY--TOPICAL TERM
Topical term or geographic name entry element ľudové hry
Source of heading or term SNKPH
650 07 - SUBJECT ADDED ENTRY--TOPICAL TERM
Topical term or geographic name entry element Folk plays
Source of heading or term SNKPHeng
650 07 - SUBJECT ADDED ENTRY--TOPICAL TERM
Topical term or geographic name entry element príslovia a porekadlá
Source of heading or term SNKPH
655 #7 - INDEX TERM--GENRE/FORM
Genre/form data or focus term slovenské rozprávky
Source of term SNKPH
655 #7 - INDEX TERM--GENRE/FORM
Genre/form data or focus term Slovak fairy tales
Source of term SNKPHeng
655 #7 - INDEX TERM--GENRE/FORM
Genre/form data or focus term riekanky
Source of term SNKPH
655 #7 - INDEX TERM--GENRE/FORM
Genre/form data or focus term Nursery rhymes
Source of term SNKPHeng
655 #7 - INDEX TERM--GENRE/FORM
Genre/form data or focus term publikácie pre deti
Source of term SNKPH
655 #7 - INDEX TERM--GENRE/FORM
Genre/form data or focus term Children's literature
Source of term SNKPHeng
700 1# - ADDED ENTRY--PERSONAL NAME
Personal name Hlavatá, Zuzana
Relationship ill
910 ## - USER-OPTION DATA (OCLC)
User-option data pppk
910 ## - USER-OPTION DATA (OCLC)
User-option data pokpoh
910 ## - USER-OPTION DATA (OCLC)
User-option data snk
910 ## - USER-OPTION DATA (OCLC)
User-option data sllk
910 ## - USER-OPTION DATA (OCLC)
User-option data skpk
910 ## - USER-OPTION DATA (OCLC)
User-option data vthk
910 ## - USER-OPTION DATA (OCLC)
User-option data ttkjf
910 ## - USER-OPTION DATA (OCLC)
User-option data hevk
910 ## - USER-OPTION DATA (OCLC)
User-option data bjkdg
910 ## - USER-OPTION DATA (OCLC)
User-option data totk
910 ## - USER-OPTION DATA (OCLC)
User-option data savuk
910 ## - USER-OPTION DATA (OCLC)
User-option data bin
942 ## - ADDED ENTRY ELEMENTS (KOHA)
Source of classification or shelving scheme Dewey Decimal Classification
Koha item type Krásna literatúra pre deti
Suppress in OPAC No
949 ## - LOCAL PROCESSING INFORMATION (OCLC)
6 3875K09201
a bauluvZ 130 D2
b bauluv2017/09201
o RCR_BB
949 ## - LOCAL PROCESSING INFORMATION (OCLC)
6 2889323439
a savukV 53314
b savuk2017/345
949 ## - LOCAL PROCESSING INFORMATION (OCLC)
6 270001000533208
a svkbbC 61504
b svkbbm 764035
949 ## - LOCAL PROCESSING INFORMATION (OCLC)
6 17A1216589
a snkSB 90710
b snk2016/24039
o 2195/16
s 6100:20161109
949 ## - LOCAL PROCESSING INFORMATION (OCLC)
6 17A1216590
a snkSB 90710 D1
b snk2016/24040
o 2195/16
949 ## - LOCAL PROCESSING INFORMATION (OCLC)
6 273K0608824
a svkpoC 57302
b svkpo607721
949 ## - LOCAL PROCESSING INFORMATION (OCLC)
6 273K0616498
a svkpoC 57948
b svkpo614636
949 ## - LOCAL PROCESSING INFORMATION (OCLC)
6 273K0616499
a svkpoC 57948a
b svkpo614637
949 ## - LOCAL PROCESSING INFORMATION (OCLC)
6 4950412236
a snmksm12236
b snmksm2016/12236
949 ## - LOCAL PROCESSING INFORMATION (OCLC)
6 273K0603865
a svkpoC 56929
b svkpo602580
949 ## - LOCAL PROCESSING INFORMATION (OCLC)
6 3875K09146
a bauluvZ 130
b bauluv2016/09146
949 ## - LOCAL PROCESSING INFORMATION (OCLC)
6 3870A25157
a binT C2 011
b bin25157
Holdings
Stav vyradenia Strata Poškodenie Spôsob nadobudnutia Domovská knižnica Aktuálna knižnica Dátum nadobudnutia Total checkouts Čiarový kód exemplára Date last seen Typ exemplára
      Dar Obecná knižnica Turčianska Štiavnička Obecná knižnica Turčianska Štiavnička 09.03.2026   4738000277 09.03.2026 Krásna literatúra pre deti
Projekt je podporený Slovenskou asociáciou knižníc
Prevádzkuje Turčianska knižnica Martin 2026